[Event "Stuttgarter Stadtmeisterschaft B"]
[Site "Ditzingen"]
[Date "2015.05.15"]
[Round "4.49"]
[White "Froehlich, Franziska"]
[Black "Hartmann, Anatoli"]
[Result "1/2-1/2"]
[WhiteElo "1456"]
[BlackElo "1630"]
[PlyCount "105"]
[EventDate "2015.??.??"]
[WhiteTeam "SK Gerlingen"]
[BlackTeam "SK Sachsenheim"]

1. e4 e6 2. d4 d5 3. e5 c5 4. c3 cxd4 5. cxd4 Nc6 6. Nf3 Bd7 7. Nc3 Bb4 8. Be2
Nge7 9. a3 Ba5 10. Bg5 h6 11. Bxe7 Qxe7 12. O-O Bxc3 13. bxc3 O-O 14. Qd3 Na5
15. Bd1 a6 16. Bc2 g6 17. Qe3 Kg7 18. Nd2 Bb5 19. Rab1 Nc4 20. Nxc4 Bxc4 21.
Rb6 Qc7 22. Rfb1 Bb5 23. Rd6 Bc6 24. h4 Rad8 25. Rxd8 Qxd8 26. h5 Qg5 27. Qxg5
hxg5 28. hxg6 fxg6 29. Rb6 Kh6 30. Bd3 Rc8 31. Kf1 g4 32. g3 Kg5 33. Ke1 Kh6
34. Kd2 Kg5 35. Be2 Rc7 36. Rb1 Rf7 37. Rf1 Ba4 38. Ke3 Rc7 39. Rc1 b5 40. Kd2
a5 41. Rf1 Rf7 42. f4+ gxf3 43. Bxf3 Bb3 44. Ke3 Bc2 45. Rc1 Bb3 46. Rh1 Rc7
47. Kd2 Rf7 48. Be2 Bc4 49. Rh2 Bxe2 50. Kxe2 Kg4 51. Rf2 Rxf2+ 52. Kxf2 g5 53.
Kg2 1/2-1/2

[Event "Stuttgarter Stadtmeisterschaft B"]
[Site "Ditzingen"]
[Date "2015.05.15"]
[Round "4.50"]
[White "Kalwei, Reinhard"]
[Black "Schmitz, Harald"]
[Result "0-1"]
[WhiteElo "1510"]
[BlackElo "1701"]
[PlyCount "108"]
[EventDate "2015.??.??"]
[WhiteTeam "SC Aidlingen"]
[BlackTeam "SC Aidlingen"]

1. e4 e6 2. d4 d5 3. exd5 exd5 4. Nc3 c6 5. Bd3 Bd6 6. Nf3 Ne7 7. Ne2 O-O 8.
O-O Bf5 9. Bf4 Bxf4 10. Nxf4 Qd6 11. Ne5 f6 12. Bxf5 Nxf5 13. Ned3 Nd7 14. c3
Rfe8 15. Re1 g6 16. g3 Kf7 17. Qd2 b6 18. Ng2 Ng7 19. Qf4 Qxf4 20. Ngxf4 g5 21.
Ng2 a5 22. a4 Nf5 23. f4 h6 24. Kf2 Nd6 25. g4 Re4 26. Rxe4 Nxe4+ 27. Kf3 Re8
28. Rd1 Kg6 29. f5+ Kf7 30. h4 Nd6 31. Nf2 Ne4 32. hxg5 hxg5 33. Rd3 b5 34. b3
bxa4 35. bxa4 Nb6 36. Ne3 Nxa4 37. c4 Nb2 38. Ra3 Nd2+ 39. Kg2 Nbxc4 40. Nxc4
Nxc4 41. Rb3 a4 42. Rb7+ Re7 43. Rxe7+ Kxe7 44. Nd3 a3 45. Nb4 Kd6 46. Kf2 c5
47. dxc5+ Kxc5 48. Na2 Kd4 49. Kf3 Nd2+ 50. Ke2 Ne4 51. Nb4 Nc3+ 52. Kd2 Kc4
53. Nc2 a2 54. Na1 Ne4+ 0-1

[Event "Stuttgarter Stadtmeisterschaft B"]
[Site "Ditzingen"]
[Date "2015.05.15"]
[Round "4.51"]
[White "Jüttner, Mark"]
[Black "Schmölzing, Matthias"]
[Result "1/2-1/2"]
[WhiteElo "1472"]
[BlackElo "1568"]
[PlyCount "89"]
[EventDate "2015.??.??"]
[WhiteTeam "SpVgg Rommelshausen"]
[BlackTeam "SV Würzburg"]

1. f4 Nf6 2. Nf3 d6 3. e3 g6 4. b3 Bg7 5. Bb2 O-O 6. Bc4 c6 7. O-O b5 8. Bd3
Na6 9. Qe1 Nb4 10. Qh4 Nxd3 11. cxd3 a5 12. Ng5 h6 13. Bxf6 exf6 14. Nf3 f5 15.
Qxd8 Rxd8 16. d4 b4 17. d3 Ba6 18. Rc1 c5 19. Nbd2 Bxd3 20. Nc4 Bxc4 21. Rxc4
a4 22. Rac1 Bf8 23. dxc5 dxc5 24. e4 fxe4 25. Rxe4 axb3 26. axb3 Rd3 27. Rb1
Ra3 28. Re8 Raxb3 29. Rxb3 Rxb3 30. Ne5 Re3 31. Kf2 Re4 32. Kf3 f5 33. Rc8 Kg7
34. Rc7+ Kg8 35. Rc8 Rxe5 36. fxe5 Kf7 37. e6+ Kxe6 38. Rxf8 Kd5 39. Ke3 Kc4
40. Kd2 Kb3 41. Rc8 c4 42. Rc6 c3+ 43. Kd3 Kb2 44. Rc4 Kb3 45. Rc5 1/2-1/2

[Event "Stuttgarter Stadtmeisterschaft B"]
[Site "Ditzingen"]
[Date "2015.05.15"]
[Round "4.52"]
[White "Funk, Christian"]
[Black "Blum, Michael"]
[Result "1/2-1/2"]
[WhiteElo "1450"]
[BlackElo "1562"]
[PlyCount "52"]
[EventDate "2015.??.??"]
[WhiteTeam "Ssg Fils-Lauter e. V."]
[BlackTeam "SC Aidlingen"]

1. d4 Nf6 2. c4 d5 3. Nc3 g6 4. Bg5 Bg7 5. Nf3 Ne4 6. Bh4 Nxc3 7. bxc3 c6 8. e3
Bg4 9. Be2 O-O 10. cxd5 cxd5 11. O-O Qc7 12. Qb3 e6 13. Rfc1 b6 14. h3 Bf5 15.
Bg3 Qd7 16. c4 Rc8 17. Ne5 Bxe5 18. Bxe5 g5 19. cxd5 exd5 20. Bh5 Nc6 21. Bg3
Na5 22. Qd1 Nc4 23. Qe2 Nd6 24. Bf3 Ne4 25. Bh2 h6 26. g4 Be6 1/2-1/2

[Event "Stuttgarter Stadtmeisterschaft B"]
[Site "Ditzingen"]
[Date "2015.05.15"]
[Round "4.53"]
[White "De Luna Butz, Alberto"]
[Black "Conrady, Philipp"]
[Result "1-0"]
[WhiteElo "1802"]
[BlackElo "1366"]
[PlyCount "133"]
[EventDate "2015.??.??"]
[WhiteTeam "SV Oberstenfeld"]
[BlackTeam "SV Würzburg"]

1. d4 Nf6 2. Bg5 g6 3. Bxf6 exf6 4. e3 Bg7 5. g3 O-O 6. Bg2 f5 7. c4 d6 8. Nc3
c5 9. Nge2 Qb6 10. Qd2 Nc6 11. Rd1 Re8 12. O-O Qd8 13. b3 cxd4 14. Nxd4 Nxd4
15. exd4 Rb8 16. Rfe1 Rxe1+ 17. Rxe1 Bd7 18. Nd5 Be6 19. Nf4 Qf6 20. Nxe6 fxe6
21. Qe3 e5 22. Bd5+ Kf8 23. dxe5 Qxe5 24. Qd2 Qc3 25. Qxc3 Bxc3 26. Re6 Bb4 27.
Rf6+ Kg7 28. Rf7+ Kh6 29. Bxb7 a5 30. Bf3 Rg8 31. h4 Rg7 32. Rf6 Re7 33. g4
fxg4 34. Bxg4 Kg7 35. Rf4 Bc5 36. Kf1 Rf7 37. Rxf7+ Kxf7 38. Ke2 Kf6 39. f4 h6
40. Kf3 g5 41. fxg5+ hxg5 42. h5 Ke5 43. h6 Kf6 44. h7 Kg7 45. Bf5 Bd4 46. Ke4
Bc5 47. Kd5 Bb4 48. Kc6 g4 49. Be4 g3 50. Kb5 g2 51. Bxg2 Kxh7 52. a3 Bxa3 53.
Kxa5 Kg7 54. b4 Kf6 55. b5 Ke7 56. Kb6 Kd7 57. Kb7 Bc5 58. Bh3+ Kd8 59. Kc6 Bb4
60. b6 Bc5 61. Kb7 Bb4 62. Ka8 Ba5 63. b7 Bc7 64. b8=Q+ Bxb8 65. Kxb8 Ke8 66.
Kc7 Ke7 67. Kc6 1-0

[Event "Stuttgarter Stadtmeisterschaft B"]
[Site "Ditzingen"]
[Date "2015.05.15"]
[Round "4.54"]
[White "Khamenya, Vitalia"]
[Black "Hoch, Jannik"]
[Result "1-0"]
[WhiteElo "1570"]
[BlackElo "1325"]
[PlyCount "41"]
[EventDate "2015.??.??"]
[WhiteTeam "SK Gräfelfing"]
[BlackTeam "SV Dettingen Erms"]

1. e4 c5 2. Nf3 d6 3. d4 cxd4 4. Nxd4 Nf6 5. Nc3 g6 6. Be3 Bg7 7. f3 O-O 8. Qd2
Nc6 9. O-O-O Bd7 10. g4 Rc8 11. Be2 Nb4 12. Kb1 Qa5 13. a3 Nc6 14. h4 a6 15. h5
b5 16. hxg6 hxg6 17. Nb3 Qc7 18. Bh6 Rfd8 19. Bxg7 Kxg7 20. Qh6+ Kg8 21. Qh8#
1-0

[Event "Stuttgarter Stadtmeisterschaft B"]
[Site "Ditzingen"]
[Date "2015.05.15"]
[Round "4.55"]
[White "Hirtreiter, Norbert"]
[Black "Ustaosman, Hasan"]
[Result "0-1"]
[WhiteElo "1531"]
[BlackElo "1145"]
[PlyCount "71"]
[EventDate "2015.??.??"]
[WhiteTeam "SK München Südost"]
[BlackTeam "TSG Steinheim"]

1. d4 d5 2. Nc3 Nc6 3. Bf4 Bf5 4. Nf3 Rc8 5. e3 Nf6 6. Bb5 Bd7 7. O-O e6 8. a3
Be7 9. Re1 O-O 10. Ne2 Ne4 11. c4 a6 12. Ba4 dxc4 13. Bc2 Nd6 14. Nc3 f5 15. d5
Na5 16. a4 Bf6 17. Bxd6 cxd6 18. b3 Bxc3 19. Re2 Bxa1 20. Qxa1 cxb3 21. Bd3 e5
22. g3 e4 23. Nd4 exd3 24. Rb2 Rc5 25. Nxb3 Nxb3 26. Rxb3 Qc7 27. Qb2 Rc2 28.
Qd4 d2 29. Rd3 Rc4 30. Qb2 Rc1+ 31. Kg2 d1=Q 32. Rxd1 Rxd1 33. Qe2 Rxd5 34. e4
Re5 35. Qa2+ Be6 36. Qb2 0-1

[Event "Stuttgarter Stadtmeisterschaft B"]
[Site "Ditzingen"]
[Date "2015.05.16"]
[Round "5.1"]
[White "Lehmann, Stefan"]
[Black "Lüdke, Joshua"]
[Result "1-0"]
[WhiteElo "1864"]
[BlackElo "1823"]
[PlyCount "85"]
[EventDate "2015.??.??"]
[WhiteTeam "Ssg Fils-Lauter e. V."]
[BlackTeam "SV Marbach"]

1. e4 e6 2. Qe2 c5 3. g3 Nc6 4. Nf3 Be7 5. Bg2 d5 6. e5 Nh6 7. d3 Nf5 8. c3 b5
9. O-O O-O 10. Nbd2 a5 11. a4 bxa4 12. Rxa4 Bd7 13. g4 Nh6 14. g5 Bxg5 15. Nxg5
Qxg5 16. Nf3 Qe7 17. Bg5 Qe8 18. Bxh6 gxh6 19. Rh4 f5 20. Rxh6 Qe7 21. Kh1 Rf7
22. Rg1 Rg7 23. h4 Kh8 24. Ng5 Rag8 25. f4 Nd8 26. Bf3 Nf7 27. Rf6 Nxg5 28.
hxg5 Be8 29. Bh5 a4 30. Rg3 Bxh5 31. Qxh5 d4 32. c4 Rg6 33. Qf3 Qc7 34. Rg2 Qb8
35. Rh2 R8g7 36. Qc6 Rxf6 37. gxf6 Rc7 38. Qxe6 Qb7+ 39. Rg2 Rc8 40. Kh2 Rf8
41. Qxf5 Qf3 42. f7 Qc6 43. e6 1-0

[Event "Stuttgarter Stadtmeisterschaft B"]
[Site "Ditzingen"]
[Date "2015.05.16"]
[Round "5.2"]
[White "Bälz, Jürgen"]
[Black "Wezel, Sebastian"]
[Result "0-1"]
[WhiteElo "1802"]
[BlackElo "1866"]
[PlyCount "82"]
[EventDate "2015.??.??"]
[WhiteTeam "TSV Willsbach"]
[BlackTeam "SV Dettingen Erms"]

1. Nf3 g6 2. d4 Nf6 3. c4 Bg7 4. g3 O-O 5. Bg2 d6 6. Nc3 a6 7. O-O Nc6 8. Qc2
Bf5 9. e4 Bg4 10. Be3 Bxf3 11. Bxf3 e5 12. d5 Nd4 13. Bxd4 exd4 14. Ne2 Nd7 15.
Bg2 c5 16. Rab1 b5 17. f4 Re8 18. Nc1 Ra7 19. b4 cxb4 20. Rxb4 Rc7 21. Re1 Nb6
22. Bf1 Qc8 23. Qf2 Nxc4 24. Nb3 Ne3 25. Bd3 Nc2 26. Bxc2 Rxc2 27. Re2 d3 28.
Rxc2 dxc2 29. Nc1 Bc3 30. Rb3 Rxe4 31. Kg2 Bd4 32. Qd2 Qc4 33. Rd3 Qxd5 34. Kf1
Qc4 35. Kg2 Bb2 36. Rxd6 Bxc1 37. Rd8+ Kg7 38. Qxc1 Qe2+ 39. Kh3 Qh5+ 40. Kg2
Re2+ 41. Kf1 Qf3+ 0-1

[Event "Stuttgarter Stadtmeisterschaft B"]
[Site "Ditzingen"]
[Date "2015.05.16"]
[Round "5.3"]
[White "Jäger, Hans-Ulrich"]
[Black "Baars, Mario"]
[Result "1-0"]
[WhiteElo "1838"]
[BlackElo "1771"]
[PlyCount "25"]
[EventDate "2015.??.??"]
[WhiteTeam "SC Sillenbuch"]
[BlackTeam "SG Schwäbisch Gmünd 1872 e.V"]

1. e4 c6 2. d4 d5 3. e5 Bf5 4. Nc3 e6 5. g4 Bg6 6. Nge2 c5 7. Nf4 cxd4 8. Qxd4
Bxc2 9. Be3 Nc6 10. Bb5 Qc7 11. Rc1 Bg6 12. Qa4 a6 13. Ncxd5 1-0

[Event "Stuttgarter Stadtmeisterschaft B"]
[Site "Ditzingen"]
[Date "2015.05.16"]
[Round "5.4"]
[White "Kleih, Julian"]
[Black "Dreyer, Andre"]
[Result "1/2-1/2"]
[WhiteElo "1823"]
[BlackElo "1891"]
[PlyCount "23"]
[EventDate "2015.??.??"]
[WhiteTeam "SV Dettingen Erms"]
[BlackTeam "SV Stockenhausen-Frommern"]

1. d4 Nf6 2. c4 e5 3. dxe5 Ng4 4. Nf3 Nc6 5. Bf4 Bb4+ 6. Nc3 Qe7 7. Qd5 f6 8.
exf6 Bxc3+ 9. bxc3 Nxf6 10. Qd2 d6 11. e3 O-O 12. Bd3 1/2-1/2

[Event "Stuttgarter Stadtmeisterschaft B"]
[Site "Ditzingen"]
[Date "2015.05.16"]
[Round "5.5"]
[White "Bender, Jonas"]
[Black "Paschmann, Stefan"]
[Result "1-0"]
[WhiteElo "1814"]
[BlackElo "1881"]
[PlyCount "119"]
[EventDate "2015.??.??"]
[WhiteTeam "SV Stuttgart-Wolfbusch"]
[BlackTeam "Krefelder Schachklub Turm 1851 e"]

1. f4 d5 2. Nf3 Nf6 3. e3 Bg4 4. b3 e6 5. Bb2 Nbd7 6. Bd3 Bd6 7. O-O Qe7 8. h3
Bxf3 9. Qxf3 e5 10. Bf5 e4 11. Bxd7+ Kxd7 12. Qe2 Rad8 13. c4 dxc4 14. Qxc4 Kc8
15. Nc3 a6 16. Rfd1 Rhe8 17. Rac1 g5 18. Ne2 gxf4 19. Nxf4 Bxf4 20. exf4 Rd7
21. Rc2 Nd5 22. Bd4 Nxf4 23. Be3 Nd5 24. Bc5 Qe6 25. Rdc1 Rg8 26. Kh1 Nf4 27.
Qxe6 Nxe6 28. Bb6 Kb8 29. Be3 f5 30. Rc4 Rdg7 31. Rg1 h5 32. Kh2 Kc8 33. g3 Kd7
34. a4 b5 35. Rc3 f4 36. gxf4 Rxg1 37. Bxg1 Nxf4 38. Be3 Nd5 39. Rc1 Nxe3 40.
dxe3 Re8 41. axb5 axb5 42. Rc5 c6 43. Rxh5 Kd6 44. Kg3 Re5 45. Rh6+ Kd5 46. Kf4
Re8 47. Rh5+ Kd6 48. Rh6+ Kc5 49. h4 Kb4 50. Rxc6 Kxb3 51. h5 b4 52. h6 Kb2 53.
Rc4 b3 54. Rxe4 Rb8 55. Re7 Kc3 56. Rc7+ Kd2 57. Rd7+ Ke2 58. h7 Rh8 59. Rb7 b2
60. Rxb2+ 1-0

[Event "Stuttgarter Stadtmeisterschaft B"]
[Site "Ditzingen"]
[Date "2015.05.16"]
[Round "5.6"]
[White "Hahn, Martin"]
[Black "Florin, Jon"]
[Result "1/2-1/2"]
[WhiteElo "1809"]
[BlackElo "1858"]
[PlyCount "113"]
[EventDate "2015.??.??"]
[WhiteTeam "SF Oeffingen e.V."]

1. b3 e5 2. Bb2 Nc6 3. e3 d5 4. Bb5 Bd6 5. f4 f6 6. Bxc6+ bxc6 7. Qh5+ g6 8.
Qe2 exf4 9. exf4+ Qe7 10. Qxe7+ Kxe7 11. Ba3 Bf5 12. Bxd6+ cxd6 13. d3 Nh6 14.
a3 Rhe8 15. Nf3 Kf8+ 16. Kd2 c5 17. Nc3 Be6 18. Nb5 Re7 19. Rhe1 a6 20. Nc7
Rxc7 21. Rxe6 Rd7 22. Rae1 Kf7 23. g4 Ng8 24. d4 a5 25. a4 Raa7 26. dxc5 dxc5
27. Rc6 Rac7 28. Ra6 Ra7 29. Rc6 c4 30. Nd4 Ne7 31. Rc5 Rdc7 32. Rb5 Rcb7 33.
Rxe7+ Rxe7 34. Nc6 cxb3 35. cxb3 Ra6 36. Nxe7 Kxe7 37. Rxd5 Rd6 38. Rxd6 Kxd6
39. Kd3 Kd5 40. g5 f5 41. Kc3 Ke4 42. b4 axb4+ 43. Kxb4 Kxf4 44. a5 Ke3 45. a6
f4 46. a7 f3 47. a8=Q f2 48. Qa7+ Ke2 49. Qa6+ Ke1 50. Qa1+ Ke2 51. Qe5+ Kf3
52. Qd5+ Ke2 53. Qc4+ Ke1 54. Qc3+ Ke2 55. Qc4+ Ke1 56. Qc3+ Ke2 57. Qc4+
1/2-1/2

[Event "Stuttgarter Stadtmeisterschaft B"]
[Site "Ditzingen"]
[Date "2015.05.16"]
[Round "5.7"]
[White "Behm, Wilfried"]
[Black "Kaufhold, Stephan"]
[Result "0-1"]
[WhiteElo "1844"]
[BlackElo "1768"]
[PlyCount "48"]
[EventDate "2015.??.??"]
[WhiteTeam "SV Stuttgart-Wolfbusch"]
[BlackTeam "SV Leonberg 1978 eV"]

1. d4 g6 2. c4 Bg7 3. Nc3 d6 4. e4 Nf6 5. Bd3 Nbd7 6. Nge2 c5 7. O-O O-O 8. Bc2
a6 9. d5 Rb8 10. Ng3 b5 11. cxb5 axb5 12. f4 Ne8 13. Nce2 Nc7 14. f5 Ne5 15.
fxg6 hxg6 16. Nf4 Ne8 17. Nd3 Ng4 18. Ne2 c4 19. Nf2 Qb6 20. h3 Ne3 21. Bxe3
Qxe3 22. Rb1 f5 23. Qe1 f4 24. Qc1 Qxe2 0-1

[Event "Stuttgarter Stadtmeisterschaft B"]
[Site "Ditzingen"]
[Date "2015.05.16"]
[Round "5.8"]
[White "Aubel, Stefan"]
[Black "Jenner, Erik"]
[Result "0-1"]
[WhiteElo "1831"]
[BlackElo "1760"]
[PlyCount "120"]
[EventDate "2015.??.??"]
[WhiteTeam "SV Oberstenfeld"]
[BlackTeam "SV Schorndorf"]

1. d4 Nf6 2. c4 e6 3. Nc3 Bb4 4. Bg5 h6 5. Bh4 c5 6. e3 d6 7. Nf3 Nbd7 8. Be2
Qc7 9. O-O Bxc3 10. bxc3 b6 11. Qa4 O-O 12. Rfd1 Ne4 13. Qc2 Bb7 14. d5 Ndf6
15. Bxf6 Nxf6 16. e4 e5 17. Nh4 Bc8 18. Qd3 Qe7 19. a4 g5 20. Nf3 Nh7 21. a5
bxa5 22. Rxa5 f5 23. Rda1 f4 24. Ne1 g4 25. f3 h5 26. Qd1 g3 27. h3 Rf7 28. Bf1
Rg7 29. R1a2 Qh4 30. Qa4 Bd7 31. Qd1 Bxh3 32. gxh3 Ng5 33. Bg2 Nxh3+ 34. Kf1
Nf2 35. Qa1 Qe7 36. Rxf2 gxf2 37. Kxf2 Qh4+ 38. Kf1 Qg3 39. Qb2 h4 40. Qf2 Qh2
41. Ra6 Rd8 42. Ke2 Rdd7 43. Bf1 Qg3 44. Qxg3 Rxg3 45. Kf2 h3 46. Bxh3 Rxh3 47.
Kg2 Rh6 48. Kf2 Kf8 49. Rc6 Rb7 50. Ra6 Ke7 51. Ra1 Kd7 52. Ra3 Kc8 53. Ra1 Kb8
54. Ra5 Rb6 55. Ra3 Kb7 56. Ra5 a6 57. Ra3 Rb2+ 58. Kg1 Rb1 59. Kf2 Rh2+ 60.
Kg1 Re2 0-1

[Event "Stuttgarter Stadtmeisterschaft B"]
[Site "Ditzingen"]
[Date "2015.05.16"]
[Round "5.9"]
[White "Longo, Massimo"]
[Black "Rühl, Volker"]
[Result "0-1"]
[WhiteElo "1580"]
[BlackElo "1830"]
[PlyCount "85"]
[EventDate "2015.??.??"]
[WhiteTeam "SK Germering"]
[BlackTeam "VfL Sindelfingen"]

1. d4 d6 2. Nc3 Nf6 3. e4 g6 4. Bc4 Bg7 5. f3 c6 6. Be3 b6 7. d5 c5 8. Nge2 a6
9. a4 Nbd7 10. Qd2 Ne5 11. b3 h5 12. h3 Ng8 13. Rb1 Nh6 14. f4 Nd7 15. Bd3 f6
16. e5 f5 17. e6 Nf6 18. Bc4 Kf8 19. Ng1 Ne8 20. Nf3 Nc7 21. Ng5 Bf6 22. g4
fxg4 23. hxg4 Bxg5 24. fxg5 Nxg4 25. Rf1+ Kg8 26. Bd3 Qe8 27. Be2 Nxe3 28. Qxe3
Bb7 29. Qe4 Rh7 30. Kd2 b5 31. axb5 axb5 32. Bxb5 Nxb5 33. Rf7 Rxf7 34. exf7+
Qxf7 35. Nxb5 Bxd5 36. Qd3 c4 37. Qe2 Rf8 38. b4 Qf4+ 39. Qe3 Qf2+ 40. Qxf2
Rxf2+ 41. Kc3 h4 42. Nc7 Bb7 43. Kxc4 0-1

[Event "Stuttgarter Stadtmeisterschaft B"]
[Site "Ditzingen"]
[Date "2015.05.16"]
[Round "5.10"]
[White "Tölg, Wolfgang"]
[Black "Jantos, Stefan"]
[Result "0-1"]
[WhiteElo "1720"]
[BlackElo "1825"]
[PlyCount "96"]
[EventDate "2015.??.??"]
[WhiteTeam "SF Oeffingen"]
[BlackTeam "SF Oeffingen"]

1. e4 d5 2. exd5 Nf6 3. c4 c6 4. dxc6 Nxc6 5. Nf3 e5 6. d3 Bf5 7. Be2 Qd7 8.
O-O O-O-O 9. Nc3 Bxd3 10. Bxd3 Qxd3 11. Qa4 Bc5 12. Bg5 Qf5 13. Be3 Bxe3 14.
fxe3 Qh5 15. h3 Rd3 16. e4 Rhd8 17. Rae1 R3d7 18. Nd5 Kb8 19. b4 Nd4 20. Nxd4
exd4 21. Nxf6 gxf6 22. Rxf6 d3 23. Rf5 d2 24. Rd1 Qh4 25. Rd5 Rxd5 26. cxd5
Qxe4 27. Qb3 Rxd5 28. Qg3+ Kc8 29. Qg8+ Kd7 30. Qg4+ Qxg4 31. hxg4 Kc7 32. Kf2
Kc6 33. Ke3 Kb5 34. a3 Ka4 35. Rxd2 Rxd2 36. Kxd2 Kxa3 37. Kc3 b5 38. g5 Ka4
39. g3 a5 40. bxa5 Kxa5 41. Kb3 Kb6 42. Kb4 Kc6 43. g4 Kd5 44. Kxb5 Ke5 45. Kc6
Kf4 46. Kd6 Kxg5 47. Ke7 Kxg4 48. Kxf7 h5 0-1

[Event "Stuttgarter Stadtmeisterschaft B"]
[Site "Ditzingen"]
[Date "2015.05.16"]
[Round "5.11"]
[White "Meusel, Rolf"]
[Black "Forster, Lukas"]
[Result "1-0"]
[WhiteElo "1884"]
[BlackElo "1571"]
[PlyCount "97"]
[EventDate "2015.??.??"]
[WhiteTeam "SK Handschuhsheim"]
[BlackTeam "Stuttgarter SF 1879"]

1. e4 e6 2. d4 d5 3. exd5 exd5 4. Bd3 Bd6 5. Ne2 Ne7 6. O-O O-O 7. c3 c6 8. Bf4
Bf5 9. Bxf5 Nxf5 10. Qd3 Qf6 11. Bxd6 Nxd6 12. Nd2 Re8 13. Ng3 Nd7 14. Rfe1 Re7
15. Rxe7 Qxe7 16. Nf3 f6 17. Re1 Qf7 18. Nf5 Nxf5 19. Qxf5 Re8 20. Kf1 Nf8 21.
a4 b6 22. b4 Qg6 23. Qxg6 Rxe1+ 24. Nxe1 Nxg6 25. Nd3 Ne7 26. Ke2 Kf7 27. h4 g6
28. g4 Nc8 29. Ke3 Nd6 30. f3 Ke7 31. Kf4 Ke6 32. g5 Nf7 33. gxf6 Kxf6 34. Kg4
h6 35. f4 g5 36. fxg5+ hxg5 37. h5 Nh6+ 38. Kf3 Nf7 39. Nf2 Nd6 40. Ng4+ Kg7
41. Ne5 Ne4 42. Kg4 Kf6 43. h6 Nd6 44. Nxc6 Kg6 45. h7 Kxh7 46. Kxg5 Ne4+ 47.
Kf4 Nxc3 48. a5 bxa5 49. bxa5 1-0

[Event "Stuttgarter Stadtmeisterschaft B"]
[Site "Ditzingen"]
[Date "2015.05.16"]
[Round "5.12"]
[White "Häfele, Torsten"]
[Black "Reichardt, Bernd"]
[Result "0-1"]
[WhiteElo "1855"]
[BlackElo "1750"]
[PlyCount "102"]
[EventDate "2015.??.??"]
[WhiteTeam "SF Illingen"]
[BlackTeam "SF Markgräflerland"]

1. e4 e6 2. d4 c5 3. c3 cxd4 4. cxd4 Nf6 5. Bd3 Nc6 6. Nf3 Qb6 7. O-O Nxd4 8.
Nxd4 Qxd4 9. Nc3 a6 10. Qe2 e5 11. Be3 Qd6 12. Na4 b5 13. Nb6 Rb8 14. Rac1 Bb7
15. Rfd1 Qe6 16. a4 Be7 17. axb5 axb5 18. Bxb5 O-O 19. Bxd7 Qb3 20. Ba4 Qb4 21.
f3 Bc8 22. Nxc8 Rfxc8 23. Rxc8+ Rxc8 24. b3 h6 25. Rc1 Rxc1+ 26. Bxc1 Bc5+ 27.
Be3 Nxe4 28. fxe4 Qxe4 29. Kf2 Qf4+ 30. Ke1 Qxe3 31. Qxe3 Bxe3 32. Ke2 Bg1 33.
h3 Bc5 34. Kd3 f5 35. Kc4 Bd4 36. b4 Kf7 37. Kd5 h5 38. b5 Kf6 39. Bd1 h4 40.
Kc6 g5 41. b6 Bxb6 42. Kxb6 e4 43. Kc5 Ke5 44. Be2 Kf4 45. Kd4 g4 46. Bf1 gxh3
47. gxh3 Kf3 48. Bb5 e3 49. Ke5 e2 50. Bxe2+ Kxe2 51. Kxf5 Kf3 0-1

[Event "Stuttgarter Stadtmeisterschaft B"]
[Site "Ditzingen"]
[Date "2015.05.16"]
[Round "5.13"]
[White "Hartmann, Christian"]
[Black "Ellinger, Harald"]
[Result "1/2-1/2"]
[WhiteElo "1744"]
[BlackElo "1854"]
[PlyCount "53"]
[EventDate "2015.??.??"]
[WhiteTeam "SC Tarrasch München"]
[BlackTeam "SK Gerlingen"]

1. e4 c5 2. Nf3 d6 3. d4 cxd4 4. Nxd4 Nf6 5. Nc3 a6 6. f3 Nc6 7. Nb3 Bd7 8. Be3
g6 9. a4 Bg7 10. Qd2 O-O 11. h4 h5 12. Be2 Be6 13. Nd4 Nxd4 14. Bxd4 Rc8 15. a5
Bc4 16. Ra4 Bxe2 17. Kxe2 Qd7 18. Rb4 Rc6 19. Rc1 Kh7 20. Qd3 Bh6 21. Be3 Bxe3
22. Kxe3 Qc7 23. Nd5 Nxd5+ 24. Qxd5 e6 25. Qd2 Rd8 26. Rd4 Rc8 27. c4 1/2-1/2

[Event "Stuttgarter Stadtmeisterschaft B"]
[Site "Ditzingen"]
[Date "2015.05.16"]
[Round "5.14"]
[White "Paulsen, Jonathan"]
[Black "Tönjes, Jürgen"]
[Result "0-1"]
[WhiteElo "1714"]
[BlackElo "1838"]
[PlyCount "26"]
[EventDate "2015.??.??"]
[WhiteTeam "SC Stetten a.d.F."]
[BlackTeam "SF Lilienthal"]

1. e4 d5 2. d4 dxe4 3. Nc3 f5 4. Bf4 e6 5. f3 Nf6 6. Bc4 c6 7. Qd2 Nbd7 8.
O-O-O Nb6 9. Bb3 Nbd5 10. Bg5 Be7 11. Na4 h6 12. Bxf6 Bxf6 13. fxe4 Bg5 0-1

[Event "Stuttgarter Stadtmeisterschaft B"]
[Site "Ditzingen"]
[Date "2015.05.16"]
[Round "5.15"]
[White "Fais, Sami"]
[Black "Gheng, Hannelore"]
[Result "1-0"]
[WhiteElo "1817"]
[BlackElo "1744"]
[PlyCount "61"]
[EventDate "2015.??.??"]
[WhiteTeam "VfL Sindelfingen"]
[BlackTeam "SF Deizisau"]

1. e4 c5 2. Nc3 g6 3. f4 Bg7 4. Nf3 d6 5. Bc4 e6 6. O-O Nh6 7. h3 O-O 8. g4
Bd4+ 9. Nxd4 cxd4 10. Ne2 Qh4 11. Rf3 e5 12. g5 Bxh3 13. gxh6 Bg4 14. Qf1 Bxf3
15. Qxf3 Qxh6 16. d3 Qh4 17. Bd2 Nd7 18. Rf1 Kg7 19. Be1 Qe7 20. Qg4 h5 21. Bh4
f6 22. Qg3 Rh8 23. Bb5 Raf8 24. Rf2 Kh7 25. Bxd7 Qxd7 26. fxe5 fxe5 27. Bf6
Rhg8 28. Qg5 Rf7 29. Ng3 Qe6 30. Kh1 Qh3+ 31. Rh2 1-0

[Event "Stuttgarter Stadtmeisterschaft B"]
[Site "Ditzingen"]
[Date "2015.05.16"]
[Round "5.16"]
[White "Fuchs, Egbert"]
[Black "Zimmermann, Tobias"]
[Result "1/2-1/2"]
[WhiteElo "1681"]
[BlackElo "1804"]
[PlyCount "76"]
[EventDate "2015.??.??"]
[WhiteTeam "SVG Vaihingen/Enz"]
[BlackTeam "SC Schachmatt Botnang"]

1. d4 d5 2. Nf3 Nf6 3. c4 e6 4. g3 Bb4+ 5. Bd2 Be7 6. Bg2 O-O 7. O-O c6 8. Nc3
Ne4 9. Bc1 Nxc3 10. bxc3 Nd7 11. a4 dxc4 12. a5 a6 13. Nd2 e5 14. Nxc4 exd4 15.
cxd4 Nf6 16. Nb6 Rb8 17. e4 Bb4 18. Qa4 Bc3 19. Rb1 Qxd4 20. Qxd4 Bxd4 21. Bf4
Bxb6 22. Bxb8 Bxa5 23. Bd6 Re8 24. e5 Nd5 25. Bxd5 cxd5 26. Rfd1 b5 27. Rxd5
Bb7 28. Rc5 Bb6 29. Rcc1 h6 30. Bc7 Bd4 31. Rd1 Bxe5 32. Bxe5 Rxe5 33. Rd8+ Kh7
34. Rd7 Bd5 35. f4 Be6 36. Rxf7 Re2 37. Re7 Bc4 38. Rxe2 Bxe2 1/2-1/2

[Event "Stuttgarter Stadtmeisterschaft B"]
[Site "Ditzingen"]
[Date "2015.05.16"]
[Round "5.17"]
[White "Pfeilsticker, Thorsten"]
[Black "Rieder, Josef"]
[Result "1/2-1/2"]
[WhiteElo "1663"]
[BlackElo "1800"]
[PlyCount "33"]
[EventDate "2015.??.??"]
[WhiteTeam "SV Stuttgart-Wolfbusch"]
[BlackTeam "Stuttgarter SF"]

1. d4 e6 2. Nf3 c5 3. e3 cxd4 4. exd4 b6 5. Bd3 Nf6 6. Nbd2 Be7 7. O-O Bb7 8.
Re1 Nc6 9. c3 d5 10. Nf1 Qc7 11. Qe2 Bd6 12. g3 O-O 13. Bg5 Be7 14. Bf4 Bd6 15.
Bg5 Be7 16. Bf4 Bd6 17. Bg5 1/2-1/2

[Event "Stuttgarter Stadtmeisterschaft B"]
[Site "Ditzingen"]
[Date "2015.05.16"]
[Round "5.18"]
[White "Wachtel, Arthur"]
[Black "Schröder, Stefan"]
[Result "1/2-1/2"]
[WhiteElo "1607"]
[BlackElo "1791"]
[PlyCount "76"]
[EventDate "2015.??.??"]
[WhiteTeam "SK Freising"]
[BlackTeam "Airbus Helicopters Sportgemeinsc"]

1. e4 d5 2. exd5 Qxd5 3. Nc3 Qa5 4. d4 c6 5. Bc4 Bf5 6. Bd2 e6 7. Qe2 Qd8 8.
O-O-O Nf6 9. f3 Be7 10. g4 Bg6 11. h4 h6 12. f4 b5 13. Bb3 b4 14. Na4 Qxd4 15.
h5 Bh7 16. g5 Nd5 17. g6 Bg8 18. Nf3 Qf6 19. Bxd5 cxd5 20. Qb5+ Nd7 21. Ne5 Rd8
22. Nc6 fxg6 23. Nxd8 Kxd8 24. hxg6 Qxg6 25. Bxb4 Bh7 26. Bxe7+ Kxe7 27. Qe2
Rc8 28. Nc3 Kf7 29. Rhf1 Qf5 30. Rf2 Nb6 31. Qa6 Rc7 32. Kb1 Nc4 33. Nb5 Qf6
34. Nd6+ Nxd6 35. Qxd6 Rb7 36. b3 Qc3 37. Re2 Bf5 38. Rxd5 Rxb3+ 1/2-1/2